00739cam a2200217 4500001001100000008004100011020001900052035001500071050002700086100001700113245008100130250001100211260004100222300002500263500005600288504003900344650002800383650003000411650004900441700003100490IIAF000171 s1997 sp a spa  a0-632-004083-1 aIIAF00017104aSF 768.2.C3 bN63 19971 aNoakes, D.E.10aFertility and obstetrics in cattle /cD.E. Noakes; tr. Pedro Ducar Maluenda. a2a ed. aZaragoza, España: bAcribia c1997 axv, 175 p. ;c24 cm. aTraducción de: Fertility and Obstetrics in cattle aIncluye: Bibliografía e índice 4aObstetricia veterinaria 4aGinecología veterinaria 4aGanado vacuno x Fertilidad xReproducción1 aDucar Maluenda, Pedro, tr.